Normal view
MARC view
Entry Personal Name
001 - CONTROL NUMBER
- control field: 43460
003 - CONTROL NUMBER IDENTIFIER
- control field: ARRUPE
005 - DATE AND TIME OF LATEST TRANSACTION
- control field: 20181115091323.0
008 - FIXED-LENGTH DATA ELEMENTS
- fixed length control field: 181115|| aca||aabn | a|a d
040 ## - CATALOGING SOURCE
- Original cataloging agency: ARRUPE
- Transcribing agency: ARRUPE
100 ## - HEADING--PERSONAL NAME
- Personal name: Torrance T.F. (ed.)
670 ## - SOURCE DATA FOUND
- Source citation: Work cat.: (ARRUPE)0: Mackintosh, H. R. (Hugh Ross), 1870-1936. 43459, The person of Jesus Christ /, 1912.